Co to za znak? - Statystyki

Ogólne statystyki
  • Ten quiz został rozwiązany 42 razy
  • Średni wynik to 11 z 12
Statystyki odpowiedzi
Znak Nazwa % Poprawnych
, Przecinek
100%
. Kropka
97%
( ) Nawias
97%
+ Plus
97%
% Procent
97%
! Wykrzyknik
97%
" " Cudzysłów
92%
: Dwukropek
92%
- Myślnik
89%
? Pytajnik
89%
; Średnik
76%
... Wielokropek
51%
Nie znaleziono quizów pasujących do podanych kryteriów
Rozkład punktacji
Procent ludzi z każdym wynikiem
Percentyl według liczby udzielonych odpowiedzi
Twoja historia wyników
Nie rozwiązałeś tego quizu